01182nam a2200289 a 450000100060000000300080000600500170001400800410003102000260007203500190009804000270011704100080014408200310015210000320018324500740021526000640028930000200035350400520037352000400042565000520046565000560051765000580057371000640063194200120069599900170070795201680072457109BD-RjUL20211209080453.0161206s1995 bg b 000 0 eng  a9845590691c Tk.70.00 a(BD-RjUL)57233 aDLCcDLCdBD-RjULbeng aeng00a305.42095492223bKAI 19951 aKabir, Nurun Nahar.916965910aImpact of development programmes on rural women /cNurun Nahar Kabir. aComilla :bBangladesh Academy for Rural Development,c1995. a49 p. ;c23 cm. aIncludes bibliographical references (p. 48-49). aStudy with reference to Bangladesh. 0aWomen in rural developmentzBangladesh.9169660 0aRural womenzBangladeshxSocial conditions.9167829 0aRural womenzBangladeshxEconomic conditions.91696612 aBāṃlādeśa Pallī Unnaẏana Ekāḍemī.9169662 2ddccBK c57109d57109 00102ddc40718NFICaRUCLbRUCLcReadingd2007-10-28eComilla, Ban.poli. union ecademyg70.00l0o305.42095492 KAI 1995r2016-12-06 00:00:00tC-1w2016-12-06yBK